| 000 | 00652nam a2200241Ia 4500 | ||
|---|---|---|---|
| 008 | 170203s9999 xx 000 0 und d | ||
| 020 | _a971086436x | ||
| 050 | _a808.5 | ||
| 050 | _b.B337h 2009 | ||
| 100 | _aBauzon, Prisciliano T. | ||
| 245 | _aHandbook in public speaking, argumentation and debate : | ||
| 245 | _b(including parliamentary procedures) / | ||
| 245 | _cPrisciliano T. Bauzon | ||
| 260 | _aMandaluyong City : | ||
| 260 | _bNational Book Store | ||
| 260 | _c2009 | ||
| 300 | _a112 pages : | ||
| 300 | _bill. ; | ||
| 300 | _c27 cm. | ||
| 650 | _aOral communication. | ||
| 650 | _aPublic speaking | ||
| 650 | _xThemes | ||
| 999 |
_c305424 _d305424 |
||